000 00551nam a2200193Ia 4500
003 LDD
008 181029s9999 xx 000 0 und d
020 _a9781412919562
_c750.00
040 _cLDD
100 _aLines, Dennis
245 0 _aSpirituality in counselling and psychotherapy
_cDennis Lines
260 _aLondon
_bSage
_c2006
300 _ax, 213p
365 _b750.00
901 _a10092
_b12-01-2013
902 _aIN1315
_b17-01-2013
_cF
_dSELECT
_ePSY
903 _aDiscount-15
_bReqst by : Suhas Shetgovekar
942 _2ddc
_cBK
999 _c107087
_d107087